[Event "Reykjavik op"]
[Site "Reykjavik"]
[Date "2024.03.16"]
[Round "3"]
[White "Naudin, Yvan"]
[Black "Olafsson, Olafur Orn"]
[Result "1-0"]
[WhiteElo "1912"]
[BlackElo "1542"]
[PlyCount "69"]
[EventDate "2024.03.15"]
[EventType "swiss"]
[EventRounds "9"]
[EventCountry "ISL"]
[SourceTitle "CB13_2024"]
[SourceDate "2024.03.27"]
[SourceVersion "1"]
[SourceVersionDate "2024.03.27"]
[SourceQuality "1"]

1. d4 Nf6 2. c4 e6 3. Nc3 Bb4 4. a3 Bxc3+ 5. bxc3 b6 6. f3 Bb7 7. e4 d6 8. Bd3 0-0 9. Ne2 Nbd7 10. 0-0 c5 11. Ng3 a5 12. f4 e5 13. fxe5 dxe5 14. d5 Ne8 15. Nf5 g6 16. Nh6+ Kg7 17. Rf3 Nd6 18. Rh3 f6 19. Qg4 Bc8 20. Qh4 Rh8 21. Rg3 Nf8 22. Nf5+ Bxf5 23. exf5 Nf7 24. fxg6 hxg6 25. Qg4 g5 26. h4 Nh6 27. Qe4 Nf7 28. hxg5 Nd7 29. gxf6+ Kf8 30. Bg5 Rg8 31. Qf5 Ra7 32. Rf1 Qc7 33. Be4 Nd6 34. Bh6+ Kf7 35. Qe6# 1-0

[Event "FRA-chT2 0405"]
[Site "France"]
[Date "2004.11.06"]
[Round "2.5"]
[White "Naudin, Yvan"]
[Black "Bartha, Sandor"]
[Result "0-1"]
[WhiteElo "2049"]
[BlackElo "2207"]
[PlyCount "68"]
[EventDate "2004.10.10"]
[EventType "team"]
[EventRounds "11"]
[EventCountry "FRA"]
[SourceTitle "EXT 2006"]
[Source "ChessBase"]
[SourceDate "2005.11.24"]
[SourceVersion "1"]
[SourceVersionDate "2005.11.24"]
[SourceQuality "1"]
[WhiteTeam "Neuville en Ferrain"]
[BlackTeam "Bagneux"]
[WhiteTeamCountry "FRA"]
[BlackTeamCountry "FRA"]

1. d4 d5 2. c4 c6 3. Nc3 Nf6 4. Nf3 dxc4 5. a4 Bf5 6. e3 e6 7. Bxc4 Bb4 8. 0-0 Nbd7 9. Qe2 Bg6 10. Ne5 Nxe5 11. dxe5 Nd5 12. Na2 Qa5 13. e4 Nb6 14. Bd3 0-0-0 15. Be3 Nd7 16. Nxb4 Qxb4 17. Bd2 Qxb2 18. Rfb1 Qxe5 19. f4 Qd6 20. Be3 Nc5 21. Bc2 Bxe4 22. Bxe4 Nxe4 23. Bxa7 Nc3 24. Qb2 Nxb1 25. Rxb1 Rd7 26. Bb6 f6 27. a5 Qd2 28. Qb3 Qd5 29. Qb2 Re8 30. h3 Qd2 31. Qb3 Qd3 32. Bd8 Qxb3 33. Rxb3 Rexd8 34. a6 b5 0-1

[Event "FRA-chT3 North 0304"]
[Site "France"]
[Date "2003.12.07"]
[Round "4.6"]
[White "Bertrand, Eric1111"]
[Black "Naudin, Yvan"]
[Result "0-1"]
[WhiteElo "1910"]
[BlackElo "2069"]
[PlyCount "69"]
[EventDate "2003.11.??"]
[EventType "team"]
[EventRounds "9"]
[EventCountry "FRA"]
[SourceTitle "EXT 2006"]
[Source "ChessBase"]
[SourceDate "2005.11.24"]
[SourceVersion "1"]
[SourceVersionDate "2005.11.24"]
[SourceQuality "1"]
[WhiteTeam "Chauny St Quentin"]
[BlackTeam "Neuville en Ferrain"]
[WhiteTeamCountry "FRA"]
[BlackTeamCountry "FRA"]

1. e4 c5 2. Nf3 d6 3. d4 cxd4 4. Nxd4 Nf6 5. Nc3 a6 6. Bg5 e6 7. f4 Be7 8. Bd3 Nc6 9. Nf3 b5 10. 0-0 Bb7 11. Qe1 h6 12. Bh4 g5 13. fxg5 Ng4 14. g6 fxg6 15. e5 Ncxe5 16. Nxe5 Nxe5 17. Bg3 Nxd3 18. cxd3 Qd7 19. Ne4 Bd5 20. Kh1 Rc8 21. Qf2 Rf8 22. Qd4 Bxe4 23. Qxe4 Rf5 24. Rae1 e5 25. d4 d5 26. Qe3 Bg5 27. Bf4 Bxf4 28. Rxf4 e4 29. Rff1 Qf7 30. Rxf5 gxf5 31. Qxh6 f4 32. Qh8+ Kd7 33. Qh3+ Qe6 34. Qh7+ Kd6 35. Qh4 0-1

[Event "FRA-chT3 Gr8 0102"]
[Site "France"]
[Date "2002.01.20"]
[Round "5"]
[White "Razat, Romain"]
[Black "Naudin, Yvan"]
[Result "1-0"]
[WhiteElo "1990"]
[BlackElo "2053"]
[PlyCount "107"]
[EventDate "2001.10.??"]
[EventType "team"]
[EventRounds "9"]
[EventCountry "FRA"]
[SourceTitle "EXT 2005"]
[Source "ChessBase"]
[SourceDate "2004.11.15"]
[SourceVersion "1"]
[SourceVersionDate "2004.11.15"]
[SourceQuality "1"]

1. e4 c5 2. c3 d6 3. d4 Nf6 4. Bd3 e6 5. Ne2 Nc6 6. 0-0 Be7 7. h3 0-0 8. Be3 cxd4 9. Nxd4 Ne5 10. Bc2 Nc4 11. Bc1 e5 12. Ne2 b5 13. b3 Nb6 14. Qd3 a6 15. Rd1 Qc7 16. f4 Rd8 17. Qf3 Bb7 18. fxe5 dxe5 19. Ng3 Nbd7 20. Nd2 Rac8 21. Bb2 Nf8 22. Rac1 g6 23. Qf1 Ne6 24. c4 b4 25. Nf3 Nd7 26. Kh1 f6 27. Nh2 h5 28. Qe1 Ndc5 29. Nf3 Nf4 30. Qf1 Bc6 31. Rd5 Bxd5 32. exd5 Bd6 33. Ne4 Nxe4 34. Bxe4 f5 35. Bb1 e4 36. Ng5 Qe7 37. h4 Nd3 38. Bxd3 exd3 39. Qxd3 Bf4 40. Qd4 Bxg5 41. Qh8+ Kf7 42. Qg7+ Ke8 43. Qxg6+ Qf7 44. Qxg5 Kd7 45. Bf6 Rf8 46. Qxf5+ Kc7 47. Qe5+ Kb7 48. Qe7+ Qxe7 49. Bxe7 Rf2 50. Bxb4 Rxa2 51. Rf1 Re8 52. c5 Ree2 53. c6+ Kc8 54. d6 1-0

[Event "Bethune op 22nd"]
[Site "Bethune"]
[Date "2001.12.26"]
[Round "2"]
[White "Naudin, Yvan"]
[Black "Gladyszev, Oleg"]
[Result "0-1"]
[WhiteElo "2053"]
[BlackElo "2347"]
[PlyCount "66"]
[EventDate "2001.12.26"]
[EventType "swiss"]
[EventRounds "7"]
[EventCountry "FRA"]
[SourceTitle "CBM 085 Extra"]
[Source "ChessBase"]
[SourceDate "2002.01.21"]
[SourceVersion "1"]
[SourceVersionDate "2002.01.21"]
[SourceQuality "1"]

1. d4 Nf6 2. c4 g6 3. Nc3 Bg7 4. e4 d6 5. f4 c5 6. d5 0-0 7. Nf3 b5 8. cxb5 a6 9. a4 axb5 10. Bxb5 Na6 11. 0-0 Nb4 12. h3 Ba6 13. Be3 Bxb5 14. axb5 Rxa1 15. Qxa1 Nc2 16. Qc1 Nxe3 17. Qxe3 Qa8 18. Qd3 Qa5 19. Nd2 Qb4 20. Nc4 Nd7 21. Ra1 Bxc3 22. bxc3 Qxb5 23. Ra5 Qb8 24. e5 dxe5 25. Nxe5 Nxe5 26. fxe5 Qxe5 27. Rxc5 Ra8 28. Rb5 Ra3 29. d6 Qe1+ 30. Kh2 Rxc3 31. Rb8+ Kg7 32. Qd4+ f6 33. dxe7 Qg3+ 0-1

[Event "FRA-chT3 Gr8 0102"]
[Site "France"]
[Date "2001.12.09"]
[Round "4"]
[White "Dalili, Nader"]
[Black "Naudin, Yvan"]
[Result "1/2-1/2"]
[WhiteElo "2058"]
[BlackElo "2053"]
[PlyCount "147"]
[EventDate "2001.10.??"]
[EventType "team"]
[EventRounds "9"]
[EventCountry "FRA"]
[SourceTitle "EXT 2005"]
[Source "ChessBase"]
[SourceDate "2004.11.15"]
[SourceVersion "1"]
[SourceVersionDate "2004.11.15"]
[SourceQuality "1"]

1. e4 c5 2. Nc3 d6 3. g3 e6 4. Bg2 Nc6 5. Nge2 a6 6. 0-0 Qc7 7. d4 cxd4 8. Nxd4 Nf6 9. Bg5 Be7 10. Kh1 0-0 11. Nce2 Bd7 12. c4 Rfd8 13. b3 Rac8 14. f4 Be8 15. f5 e5 16. Nc2 b5 17. Ne3 bxc4 18. Nxc4 Na5 19. Ne3 Bc6 20. Bxf6 Bxf6 21. Nd5 Bxd5 22. exd5 Bg5 23. h4 Bf6 24. Rc1 Qb6 25. Be4 Nb7 26. Qd2 Nc5 27. Nc3 Qb4 28. Bg2 a5 29. Qe3 a4 30. bxa4 Nxa4 31. Ne4 Nc5 32. Nxc5 Rxc5 33. a3 Qd4 34. Qxd4 exd4 35. a4 Ra5 36. Ra1 Rda8 37. Rfc1 Kf8 38. Rc6 Be5 39. Rc4 Bxg3 40. h5 Be5 41. Be4 h6 42. Kg2 Ke7 43. Kf3 R8a7 44. Ra2 Rb7 45. Bd3 Rxd5 46. Ke2 Rc5 47. Rcc2 Rc3 48. a5 Rxc2+ 49. Rxc2 Kf6 50. a6 Ra7 51. Rc1 Kg5 52. Rh1 d5 53. Kf3 Re7 54. Kf2 Bb8 55. Rb1 Ba7 56. Rb5 Rd7 57. Rb1 Kf4 58. Rg1 f6 59. Ke2 Re7+ 60. Kd2 Rc7 61. Rg2 Bc5 62. Rg1 Bb4+ 63. Kd1 Ke3 64. Bb5 Kf2 65. Rg4 Bc5 66. Kd2 Bb6 67. Kd3 Rc3+ 68. Kd2 Rc7 69. Kd3 Kf3 70. Rg1 Kf4 71. Rf1+ Ke5 72. Be8 Kd6 73. Ra1 Ba7 74. Bg6 1/2-1/2

[Event "Bethune-A"]
[Site "Bethune"]
[Date "2001.??.??"]
[Round "?"]
[White "Israel, Gregory"]
[Black "Naudin, Yvan"]
[Result "1-0"]
[WhiteElo "2055"]
[BlackElo "2120"]
[PlyCount "35"]
[EventDate "2001.??.??"]
[EventType "tourn"]
[EventRounds "9"]
[EventCountry "FRA"]
[SourceTitle "EXT 2003"]
[Source "ChessBase"]
[SourceDate "2002.11.25"]
[SourceVersion "1"]
[SourceVersionDate "2002.11.25"]
[SourceQuality "1"]

1. d4 d5 2. c4 dxc4 3. e3 Bf5 4. Bxc4 e6 5. Nc3 c6 6. e4 Bg6 7. Nf3 Nf6 8. Qe2 Be7 9. 0-0 0-0 10. Re1 b5 11. Bd3 Qa5 12. e5 Bxd3 13. Qxd3 Nd5 14. Nxd5 cxd5 15. Bg5 f6 16. exf6 gxf6 17. Bh6 Re8 18. Ne5 1-0

[Event "Bethune-A"]
[Site "Bethune"]
[Date "2001.??.??"]
[Round "?"]
[White "Naudin, Yvan"]
[Black "Bry, Stephane"]
[Result "1-0"]
[WhiteElo "2120"]
[BlackElo "2000"]
[PlyCount "43"]
[EventDate "2001.??.??"]
[EventType "tourn"]
[EventRounds "9"]
[EventCountry "FRA"]
[SourceTitle "EXT 2003"]
[Source "ChessBase"]
[SourceDate "2002.11.25"]
[SourceVersion "1"]
[SourceVersionDate "2002.11.25"]
[SourceQuality "1"]

1. d4 Nf6 2. c4 g6 3. Nc3 d5 4. Bf4 Bg7 5. e3 0-0 6. Rc1 c5 7. cxd5 Qa5 8. dxc5 Rd8 9. Bc4 Qxc5 10. Qb3 a6 11. Nge2 Bf5 12. Qxb7 Ra7 13. Qb3 Nbd7 14. e4 Ng4 15. 0-0 Nb6 16. Bd3 Bd7 17. h3 Ne5 18. Be3 Qc8 19. Na4 Qb8 20. Nxb6 Nxd3 21. Qxd3 Bb5 22. Nc4 1-0

[Event "Bethune-A"]
[Site "Bethune"]
[Date "2001.??.??"]
[Round "?"]
[White "Naudin, Yvan"]
[Black "Hareux, Hubert"]
[Result "0-1"]
[WhiteElo "2120"]
[BlackElo "2200"]
[PlyCount "71"]
[EventDate "2001.??.??"]
[EventType "tourn"]
[EventRounds "9"]
[EventCountry "FRA"]
[SourceTitle "EXT 2003"]
[Source "ChessBase"]
[SourceDate "2002.11.25"]
[SourceVersion "1"]
[SourceVersionDate "2002.11.25"]
[SourceQuality "1"]

1. d4 d5 2. c4 c6 3. Nf3 Nf6 4. Nc3 dxc4 5. a4 Bf5 6. e3 e6 7. Bxc4 Bb4 8. 0-0 0-0 9. Qe2 Bg6 10. Ne5 Nbd7 11. Nxg6 hxg6 12. e4 Nb6 13. e5 Qxd4 14. Bxe6 fxe6 15. exf6 Qxf6 16. Ne4 Qe5 17. f4 Qd4+ 18. Kh1 Qc4 19. Qf3 Nd5 20. Rd1 e5 21. b3 Qa6 22. Ng5 Be7 23. Ne6 Rf6 24. Qg4 b6 25. Ng5 Rf5 26. Nh3 Kh7 27. fxe5 Raf8 28. Bg5 Bc5 29. Qh4+ Kg8 30. e6 Rf1+ 31. Ng1 Bxg1 32. Qc4 Qxc4 33. bxc4 Rxd1 34. Rxd1 Be3 35. cxd5 Bxg5 36. e7 0-1

[Event "Bethune-A"]
[Site "Bethune"]
[Date "2001.??.??"]
[Round "?"]
[White "Renard, Stephane"]
[Black "Naudin, Yvan"]
[Result "0-1"]
[WhiteElo "2070"]
[BlackElo "2120"]
[PlyCount "76"]
[EventDate "2001.??.??"]
[EventType "tourn"]
[EventRounds "9"]
[EventCountry "FRA"]
[SourceTitle "EXT 2003"]
[Source "ChessBase"]
[SourceDate "2002.11.25"]
[SourceVersion "1"]
[SourceVersionDate "2002.11.25"]
[SourceQuality "1"]

1. Nf3 f5 2. d4 Nf6 3. e3 d5 4. Bd3 e6 5. b3 Bd6 6. 0-0 Qe7 7. Bb2 0-0 8. Nbd2 c6 9. Ne5 b6 10. f4 Bb7 11. c4 Ne4 12. cxd5 exd5 13. Rc1 c5 14. Kh1 Nc6 15. Ndf3 Rac8 16. Nxc6 Bxc6 17. Ne5 Bb7 18. Bxe4 fxe4 19. Ba3 Rc7 20. Rf2 Bxe5 21. dxe5 Rfc8 22. Rd2 Qe6 23. h3 b5 24. Rdc2 Qb6 25. Kh2 a5 26. Bb2 b4 27. g4 Qb5 28. f5 Qd3 29. Qe1 Qa6 30. g5 c4 31. bxc4 Rxc4 32. Rxc4 Rxc4 33. f6 Qe6 34. Bd4 Bc8 35. fxg7 Qxh3+ 36. Kg1 Qg4+ 37. Kh1 Qf3+ 38. Kg1 Bh3 0-1